Weed control by growth-regulating substances / (Record no. 122995)

MARC details
000 -LEADER
fixed length control field 01251nam a2200373 a 4500
001 - CONTROL NUMBER
control field vtls000120187
003 - CONTROL NUMBER IDENTIFIER
control field NLI
005 - DATE AND TIME OF LATEST TRANSACTION
control field 20210601204338.0
008 - FIXED-LENGTH DATA ELEMENTS--GENERAL INFORMATION
fixed length control field 101125s1951 it o 000 0 eng
020 ## - INTERNATIONAL STANDARD BOOK NUMBER
Terms of availability US USD 0.50 (pbk.)
039 #9 - LEVEL OF BIBLIOGRAPHIC CONTROL AND CODING DETAIL [OBSOLETE]
-- 201011251316
-- VLOAD
040 ## - CATALOGING SOURCE
Original cataloging agency NLI
Language of cataloging eng
Transcribing agency VTLS
Description conventions AACR2
041 0# - LANGUAGE CODE
Language code of text/sound track or separate title eng
044 ## - COUNTRY OF PUBLISHING/PRODUCING ENTITY CODE
MARC country code it
082 04 - DEWEY DECIMAL CLASSIFICATION NUMBER
Classification number 630.82
100 1# - MAIN ENTRY--PERSONAL NAME
Personal name Ling, Lee,
Dates associated with a name 1910-
9 (RLIN) 243171
245 10 - TITLE STATEMENT
Title Weed control by growth-regulating substances /
Statement of responsibility, etc. prepared by Lee Ling
260 ## - PUBLICATION, DISTRIBUTION, ETC.
Place of publication, distribution, etc. Rome :
Name of publisher, distributor, etc. FAO,
Date of publication, distribution, etc. 1951
300 ## - PHYSICAL DESCRIPTION
Extent iii, 36 p. :
Other physical details photographs ;
Dimensions 23 cm.
440 1# - SERIES STATEMENT/ADDED ENTRY--TITLE
Title FAO agricultural studies ;
Volume/sequential designation 13
9 (RLIN) 48655
504 ## - BIBLIOGRAPHY, ETC. NOTE
Bibliography, etc. note Bibliography: p. 34-35
650 #0 - SUBJECT ADDED ENTRY--TOPICAL TERM
Topical term or geographic name entry element Weed control
9 (RLIN) 243172
650 #0 - SUBJECT ADDED ENTRY--TOPICAL TERM
Topical term or geographic name entry element Plant growth inhibiting substances
9 (RLIN) 243173
650 #0 - SUBJECT ADDED ENTRY--TOPICAL TERM
Topical term or geographic name entry element Herbicides
9 (RLIN) 46171
650 #0 - SUBJECT ADDED ENTRY--TOPICAL TERM
Topical term or geographic name entry element Soils
9 (RLIN) 45089
710 2# - ADDED ENTRY--CORPORATE NAME
Corporate name or jurisdiction name as entry element Food and Agriculture Organization of the United Nations(Rome),
Relationship pbl.
9 (RLIN) 243174
887 ## - NON-MARC INFORMATION FIELD
Content of non-MARC field
901 ## - LOCAL DATA ELEMENT A, LDA (RLIN)
a FOD508
b 10.07.1952
902 ## - LOCAL DATA ELEMENT B, LDB (RLIN)
a UN630.82 F739 [13]
906 ## - LOCAL DATA ELEMENT F, LDF (RLIN)
a FOD848
z 1
949 ## - LOCAL PROCESSING INFORMATION (OCLC)
-- VIRTUAITEM
-- 10002
-- 100
6 FOD000000508ENG
942 ## - ADDED ENTRY ELEMENTS (KOHA)
Source of classification or shelving scheme Dewey Decimal Classification
Koha item type Books
Holdings
Withdrawn status Lost status Damaged status Not for loan Collection code Home library Current library Shelving location Date acquired Total Checkouts Full call number Barcode Date last seen Price effective from Koha item type
        United Nations National Library of India National Library of India Foreign Official Documents - United Nations     UN630.82 F739 [13] FOD000000508ENG 01/06/2021 01/06/2021 Books
                                                                           
web counter

Copyright ©2020 The National Library of India, Govt. of India ↔ Hosted by NVLI, MOC ↔ Technology and Design by National Library of India, Ministry of Culture, Govt. of India